Kirjaimella A alkavia sanoja #2 - Statistics

Yleistilastot
  • Tätä visaa on pelattu 1 316 kertaa
  • Keskiarvotulos 14 / 20
Vastaustilastot
Määritelmä Sana % Oikein
Nykytiedon mukaan maailmankaikkeus sai alkunsa tästä Alkuräjähdys
93%
Japanilainen animaatioelokuva Anime
93%
Todiste siitä, että epäilty on ollut jossain muualla rikoksen tapahtuessa Alibi
92%
Muun muassa lentokoneissa keveydensä ja kestävyydensä vuoksi käytetty metalli Alumiini
89%
Suuri eteläamerikkalainen käärmelaji Anakonda
85%
Varusmies, joka ei ole vannonut sotilasvalaa Alokas
77%
Muinaisen Kreikan ja Rooman suuruuden aikaan viittaava käsite Antiikki
77%
Ruoho- ja heinäkasvien peittämä kuiva ja puuton kasvillisuusvyöhyke Aro
77%
Erityisesti taistele tai pakene -reaktion yhteydessä erittyvä hormoni Adrenaliini
76%
Muinaisjäännöksiä tutkiva tiede Arkeologia
76%
Vuoden kierron, merkkipäivät ja muuta vastaavaa tietoa sisältävä painotuote Almanakka
75%
Metalliesineitä taotaan tämän työkalun päällä Alasin
68%
Violetinvärinen kvartsi Ametisti
67%
Taiteilijan työhuone tai -tila, esimerkiksi valokuvaamisen tai muodin alalla Ateljee
67%
Tietyn sanan kirjaimet uudelleen järjesteltyinä Anagrammi
65%
Alkoholijuomien myyminen samassa paikassa juotaviksi Anniskelu
65%
Ihmismielen tiedostamaton osa Alitajunta
55%
Tulipesän ja tuhkalaatikon tulisijassa erottava metallilevy, jossa on aukkoja Arina
44%
Hyvin onnellinen tai kristinuskossa pelastettu, katolisessa kirkossa pyhää asteikoissa edeltävä Autuas
43%
Suoralla toiminnallaan, kuten lakoilla tai mielenosoituksilla, yhteiskuntaa muokkaamaan pyrkivä liikehdintä Aktivismi
28%
Ehtoja vastaavia visoja ei löytynyt
Tulosjakauma
Jokaisen tuloksen saaneiden osuus
Persentiili vastausten määrän mukaan
Tuloshistoriasi
Et ole pelannut tätä visaa